| 000 | 00530nam a2200169Ia 4500 | ||
|---|---|---|---|
| 008 | 240729s9999 xx 000 0 und d | ||
| 022 | _a2205-3166 | ||
| 245 | 0 | _aNew Voices in Japanese Studies | |
| 260 | _aAustralia | ||
| 260 | _bThe Japan Foundation, Sydney | ||
| 650 | _a Japanese language and literature | ||
| 650 | _a Languages and literature of Eastern Asia, Africa, Oceania | ||
| 650 | _aLanguage and Literature | ||
| 856 | _uhttps://doaj.org/toc/a16c847df9dc4ea0a04bf12e6326a01d | ||
| 942 | _2ddc | ||
| 942 | _cDOAJEJ | ||
| 999 |
_c68690 _d68690 |
||
| 945 |
_a1 _bMadushi Gamage _c1 _dMadushi Gamage |
||